[Event "V4 Liptov 2017"]
[Site "?"]
[Date "2017.06.23"]
[Round "5.1"]
[White "Klementowski, Dawid"]
[Black "Brnusak, Andrej"]
[Result "1-0"]
[BlackElo "1881"]
[WhiteElo "1984"]
[LiveChessVersion "1.4.8"]

1. c4 {[%clk 1:00:53]} Nf6 {[%clk 1:00:49]} 2. g3 {[%clk 1:01:15]} g6
{[%clk 1:01:09]} 3. Bg2 {[%clk 1:01:39]} Bg7 {[%clk 1:01:31]} 4. d4
{[%clk 1:00:45]} O-O {[%clk 1:01:00]} 5. Nf3 {[%clk 1:00:50]} d6 {[%clk 1:00:13]}
6. O-O {[%clk 1:00:52]} c6 {[%clk 0:57:11]} 7. Nc3 {[%clk 0:57:00]} Nbd7 8. Qc2
e5 {[%clk 0:55:36]} 9. Rd1 {[%clk 0:55:41]} Qc7 {[%clk 0:54:25]} 10. e4
{[%clk 0:55:02]} Rd8 {[%clk 0:49:55]} 11. h3 {[%clk 0:52:52]} h6 {[%clk 0:42:32]}
12. Be3 {[%clk 0:51:01]} Ne8 {[%clk 0:36:47]} 13. Rac1 {[%clk 0:47:47]} Nf8
{[%clk 0:34:08]} 14. b4 {[%clk 0:41:55]} b6 {[%clk 0:29:47]} 15. Qd2
{[%clk 0:39:45]} exd4 {[%clk 0:27:16]} 16. Nxd4 {[%clk 0:39:31]} Kh7
{[%clk 0:25:26]} 17. b5 {[%clk 0:39:09]} c5 {[%clk 0:24:02]} 18. Nc6
{[%clk 0:34:34]} Rd7 {[%clk 0:21:16]} 19. Nd5 {[%clk 0:34:25]} Qb7
{[%clk 0:20:45]} 20. h4 {[%clk 0:32:30]} Nc7 {[%clk 0:17:28]} 21. Bh3
{[%clk 0:28:20]} Nfe6 {[%clk 0:11:56]} 22. h5 {[%clk 0:27:45]} a6
{[%clk 0:09:20]} 23. a4 {[%clk 0:27:24]} g5 {[%clk 0:06:24]} 24. f4
{[%clk 0:24:27]} f6 {[%clk 0:05:21]} 25. Bf5+ {[%clk 0:23:50]} Kh8
{[%clk 0:05:10]} 26. Nde7 {[%clk 0:23:01]} a5 {[%clk 0:03:17]} 27. Rc3
{[%clk 0:22:03]} Bf8 {[%clk 0:02:27]} 28. Ng6+ {[%clk 0:21:08]} Kg7
{[%clk 0:02:48]} 29. fxg5 {[%clk 0:21:21]} fxg5 {[%clk 0:02:35]} 30. Rd3
{[%clk 0:21:38]} Rf7 {[%clk 0:01:07]} 31. Qc3+ {[%clk 0:21:27]} 1-0

[Event "V4 Liptov 2017"]
[Site "?"]
[Date "2017.06.23"]
[Round "5.2"]
[White "Holly, Andrej"]
[Black "Cieslak, Wiktoria"]
[Result "0-1"]
[BlackElo "1991"]
[WhiteElo "1817"]
[LiveChessVersion "1.4.8"]

1. e4 {[%clk 1:00:55]} c5 {[%clk 1:00:56]} 2. Nf3 {[%clk 1:01:23]} d6
{[%clk 1:01:21]} 3. d4 {[%clk 1:01:50]} Nf6 {[%clk 1:01:47]} 4. Nc3
{[%clk 0:59:54]} cxd4 {[%clk 1:02:13]} 5. Nxd4 {[%clk 1:00:20]} a6
{[%clk 1:02:39]} 6. Be3 {[%clk 1:00:29]} Ng4 {[%clk 1:02:59]} 7. Bg5
{[%clk 0:57:34]} h6 {[%clk 1:03:20]} 8. Bh4 {[%clk 0:57:37]} g5 {[%clk 1:03:45]}
9. Bg3 {[%clk 0:57:34]} Bg7 {[%clk 1:04:06]} 10. h3 {[%clk 0:56:19]} Ne5
{[%clk 1:04:26]} 11. Qd2 {[%clk 0:53:12]} Nbc6 {[%clk 1:04:01]} 12. Nb3
{[%clk 0:52:32]} Be6 {[%clk 1:03:33]} 13. O-O-O {[%clk 0:50:45]} b5
{[%clk 0:56:07]} 14. Nd5 {[%clk 0:47:15]} Rb8 {[%clk 0:52:52]} 15. Nd4
{[%clk 0:42:15]} Nxd4 {[%clk 0:51:31]} 16. Qxd4 {[%clk 0:42:32]} O-O
{[%clk 0:51:49]} 17. Qd2 {[%clk 0:42:04]} Nc4 {[%clk 0:51:07]} 18. Bxc4
{[%clk 0:41:45]} bxc4 {[%clk 0:51:32]} 19. c3 {[%clk 0:40:05]} Bxd5
{[%clk 0:51:27]} 20. exd5 {[%clk 0:39:34]} Qa5 {[%clk 0:51:27]} 21. a3
{[%clk 0:34:41]} Rb3 {[%clk 0:49:53]} 22. Rhe1 {[%clk 0:10:17]} Bxc3
{[%clk 0:50:09]} 23. bxc3 {[%clk 0:10:10]} Rxc3+ {[%clk 0:50:35]} 24. Qc2
{[%clk 0:09:56]} Qxa3+ {[%clk 0:50:31]} 25. Kd2 {[%clk 0:10:15]} Rxc2+
{[%clk 0:50:52]} 26. Kxc2 {[%clk 0:10:44]} Rb8 {[%clk 0:51:12]} 27. Rb1
{[%clk 0:10:50]} Qd3+ {[%clk 0:51:38]} 0-1

[Event "V4 Liptov 2017"]
[Site "?"]
[Date "2017.06.23"]
[Round "5.3"]
[White "Galuszka, Tomasz"]
[Black "Brnusak, Tomas"]
[Result "1/2-1/2"]
[BlackElo "1796"]
[WhiteElo "1808"]
[LiveChessVersion "1.4.8"]

1. e4 {[%clk 1:00:58]} c5 {[%clk 1:00:54]} 2. Nf3 {[%clk 1:01:23]} e6
{[%clk 1:00:36]} 3. Qe2 {[%clk 1:01:08]} Nc6 {[%clk 0:58:58]} 4. g3
{[%clk 1:01:26]} g6 {[%clk 0:57:21]} 5. Bg2 {[%clk 1:01:36]} Bg7 {[%clk 0:56:57]}
6. O-O {[%clk 1:01:24]} Nge7 {[%clk 0:55:59]} 7. d3 {[%clk 1:01:25]} d6
{[%clk 0:55:34]} 8. Nbd2 {[%clk 1:01:07]} O-O {[%clk 0:54:51]} 9. Nc4
{[%clk 0:58:18]} b5 {[%clk 0:52:07]} 10. Ne3 {[%clk 0:58:33]} a6 {[%clk 0:51:37]}
11. c3 {[%clk 0:57:01]} Bb7 {[%clk 0:50:32]} 12. Ng4 {[%clk 0:55:22]} Kh8
{[%clk 0:42:42]} 13. Ng5 {[%clk 0:36:38]} Ng8 {[%clk 0:36:37]} 14. f4
{[%clk 0:33:41]} h6 {[%clk 0:34:35]} 15. Nf3 {[%clk 0:33:55]} f5 {[%clk 0:33:56]}
16. Ne3 {[%clk 0:29:42]} Qd7 {[%clk 0:26:38]} 17. a4 {[%clk 0:22:53]} Rad8
{[%clk 0:24:21]} 18. axb5 {[%clk 0:22:01]} axb5 {[%clk 0:24:33]} 19. Nc2
{[%clk 0:21:49]} d5 {[%clk 0:22:45]} 20. e5 {[%clk 0:21:01]} b4 {[%clk 0:18:38]}
21. cxb4 {[%clk 0:21:11]} Nxb4 {[%clk 0:18:55]} 22. Nxb4 {[%clk 0:21:29]} cxb4
{[%clk 0:19:20]} 23. Nd4 {[%clk 0:21:15]} Rfe8 {[%clk 0:17:13]} 24. Be3
{[%clk 0:21:11]} Ne7 {[%clk 0:16:51]} 25. Qd2 {[%clk 0:20:43]} Nc6
{[%clk 0:15:33]} 26. Nxc6 {[%clk 0:16:06]} Bxc6 {[%clk 0:15:00]} 27. Ra7
{[%clk 0:15:20]} Bb7 {[%clk 0:15:07]} 28. Qxb4 {[%clk 0:15:29]} Rb8
{[%clk 0:15:11]} 29. Bc5 {[%clk 0:15:03]} Bf8 {[%clk 0:15:05]} 30. Bxf8
{[%clk 0:14:29]} Rxf8 {[%clk 0:15:26]} 31. Rc1 {[%clk 0:11:24]} Rfc8
{[%clk 0:15:14]} 32. Rxc8+ {[%clk 0:10:55]} Qxc8 {[%clk 0:15:34]} 33. Qc3
{[%clk 0:07:35]} Qd7 {[%clk 0:15:07]} 34. Qb4 {[%clk 0:06:41]} Qc6
{[%clk 0:14:55]} 35. h3 {[%clk 0:05:30]} g5 {[%clk 0:13:02]} 36. Qd6
{[%clk 0:04:06]} Qxd6 {[%clk 0:12:05]} 37. exd6 {[%clk 0:04:31]} Bc6
{[%clk 0:12:04]} 38. Rc7 {[%clk 0:04:54]} Bb5 {[%clk 0:11:39]} 39. d7
{[%clk 0:04:51]} Bxd7 {[%clk 0:11:30]} 40. Rxd7 {[%clk 0:05:15]} Rxb2
{[%clk 0:11:52]} 41. fxg5 {[%clk 0:05:40]} hxg5 {[%clk 0:12:15]} 42. Re7
{[%clk 0:05:50]} Rb6 {[%clk 0:12:27]} 43. Kf2 {[%clk 0:05:55]} Kg8
{[%clk 0:12:51]} 44. Ke3 {[%clk 0:05:42]} Kf8 {[%clk 0:13:12]} 45. Rd7
{[%clk 0:06:03]} Rb2 {[%clk 0:13:22]} 46. Bf3 {[%clk 0:06:15]} Rh2
{[%clk 0:13:28]} 47. h4 {[%clk 0:04:57]} gxh4 {[%clk 0:13:52]} 48. gxh4
{[%clk 0:05:20]} Rxh4 {[%clk 0:14:18]} 49. Bxd5 {[%clk 0:05:03]} exd5
{[%clk 0:14:15]} 1/2-1/2

[Event "V4 Liptov 2017"]
[Site "?"]
[Date "2017.06.23"]
[Round "5.4"]
[White "Korenova, Simona"]
[Black "Adamczyk, Zuzanna"]
[Result "1/2-1/2"]
[BlackElo "1753"]
[WhiteElo "1701"]
[LiveChessVersion "1.4.8"]

1. d4 Nf6 {[%clk 1:00:49]} 2. c4 {[%clk 1:01:19]} e6 {[%clk 1:00:55]} 3. Nc3
{[%clk 1:01:38]} Bb4 {[%clk 1:00:59]} 4. Nf3 {[%clk 1:01:52]} O-O
{[%clk 1:01:03]} 5. Bd2 {[%clk 1:02:13]} b6 {[%clk 1:00:42]} 6. e3
{[%clk 1:01:58]} d5 {[%clk 1:00:07]} 7. Bd3 {[%clk 1:00:40]} Bb7 {[%clk 0:55:36]}
8. O-O {[%clk 0:58:01]} Nbd7 {[%clk 0:52:51]} 9. a3 {[%clk 0:55:52]} Bd6
{[%clk 0:51:08]} 10. Rc1 {[%clk 0:50:48]} a6 {[%clk 0:46:24]} 11. b4
{[%clk 0:42:32]} dxc4 {[%clk 0:38:06]} 12. Bxc4 {[%clk 0:42:32]} Ne4
{[%clk 0:31:41]} 13. Bd3 {[%clk 0:35:28]} Ndf6 {[%clk 0:29:31]} 14. Qe2
{[%clk 0:26:48]} Qe7 {[%clk 0:19:18]} 15. Rc2 {[%clk 0:21:18]} Nxc3
{[%clk 0:17:37]} 16. Bxc3 {[%clk 0:20:33]} Ne4 {[%clk 0:17:23]} 17. Bxe4
{[%clk 0:16:13]} Bxe4 {[%clk 0:17:41]} 18. Rcc1 {[%clk 0:16:22]} a5
{[%clk 0:11:03]} 19. Rfd1 {[%clk 0:09:36]} Rfc8 {[%clk 0:08:29]} 20. Nd2
{[%clk 0:07:47]} Bb7 {[%clk 0:08:12]} 21. Rb1 {[%clk 0:07:09]} axb4
{[%clk 0:07:22]} 22. axb4 {[%clk 0:06:50]} Qh4 {[%clk 0:06:55]} 23. h3
{[%clk 0:06:34]} Qg5 {[%clk 0:06:09]} 24. Nf3 {[%clk 0:04:12]} Bxf3
{[%clk 0:03:46]} 25. Qxf3 {[%clk 0:04:40]} Ra3 {[%clk 0:03:22]} 26. Bd2
{[%clk 0:04:24]} Rca8 {[%clk 0:03:10]} 27. Qc6 {[%clk 0:04:02]} Qd5
{[%clk 0:02:32]} 28. Qxd5 {[%clk 0:03:22]} exd5 {[%clk 0:03:00]} 29. Rdc1 b5
{[%clk 0:02:19]} 30. Rc3 {[%clk 0:01:20]} Rxc3 {[%clk 0:01:23]} 31. Bxc3
{[%clk 0:01:48]} Ra3 {[%clk 0:01:41]} 32. Bd2 {[%clk 0:02:00]} Kf8
{[%clk 0:01:43]} 33. Kf1 {[%clk 0:01:54]} Ke7 {[%clk 0:01:19]} 34. Ke2
{[%clk 0:01:45]} Ke6 {[%clk 0:01:36]} 1/2-1/2

[Event "V4 Liptov 2017"]
[Site "?"]
[Date "2017.06.23"]
[Round "5.5"]
[White "Ochmyt, Jakub"]
[Black "Szczurek, Krzysztof"]
[Result "1-0"]
[BlackElo "2068"]
[WhiteElo "1711"]
[LiveChessVersion "1.4.8"]

1. d4 {[%clk 1:00:53]} Nf6 {[%clk 1:00:55]} 2. Bg5 {[%clk 1:01:11]} d5
{[%clk 1:00:44]} 3. Bxf6 {[%clk 1:00:55]} exf6 {[%clk 1:00:14]} 4. e3
{[%clk 1:00:50]} Bd6 {[%clk 0:59:28]} 5. g3 {[%clk 1:00:25]} Bf5 {[%clk 0:57:48]}
6. Bg2 {[%clk 0:59:18]} O-O {[%clk 0:57:21]} 7. Ne2 {[%clk 0:58:35]} Qd7
{[%clk 0:55:16]} 8. Nd2 {[%clk 0:55:32]} c6 {[%clk 0:53:41]} 9. O-O
{[%clk 0:53:38]} Bh3 {[%clk 0:52:55]} 10. Rc1 {[%clk 0:50:21]} b5
{[%clk 0:39:44]} 11. e4 {[%clk 0:40:44]} Bxg2 {[%clk 0:35:13]} 12. Kxg2
{[%clk 0:41:10]} Bc7 {[%clk 0:31:45]} 13. a3 {[%clk 0:37:09]} Bb6
{[%clk 0:26:38]} 14. c3 {[%clk 0:34:50]} Na6 {[%clk 0:24:54]} 15. Nf4
{[%clk 0:32:47]} dxe4 {[%clk 0:22:48]} 16. Nxe4 {[%clk 0:33:07]} f5
{[%clk 0:22:29]} 17. Nd2 {[%clk 0:26:48]} Rad8 {[%clk 0:18:34]} 18. Nf3
{[%clk 0:24:14]} Qb7 {[%clk 0:15:31]} 19. Qc2 {[%clk 0:20:13]} g6
{[%clk 0:14:30]} 20. Rcd1 {[%clk 0:18:19]} Bc7 {[%clk 0:11:54]} 21. Nd3
{[%clk 0:14:20]} Bd6 {[%clk 0:08:02]} 22. b4 {[%clk 0:13:51]} Nc7
{[%clk 0:06:39]} 23. Nc5 {[%clk 0:13:49]} Bxc5 {[%clk 0:05:36]} 24. dxc5
{[%clk 0:14:17]} Nd5 {[%clk 0:04:35]} 25. Nd4 {[%clk 0:13:47]} Rd7
{[%clk 0:03:23]} 26. Rd2 {[%clk 0:12:19]} Rfd8 {[%clk 0:03:10]} 27. Rfd1
{[%clk 0:11:54]} f4 {[%clk 0:02:10]} 28. c4 {[%clk 0:10:48]} bxc4
{[%clk 0:02:02]} 29. Qxc4 {[%clk 0:11:15]} fxg3 {[%clk 0:02:27]} 30. hxg3
{[%clk 0:11:14]} Nc7 {[%clk 0:02:08]} 31. Kg1 {[%clk 0:09:07]} Nb5
{[%clk 0:01:27]} 32. Rd3 {[%clk 0:08:19]} Nc7 {[%clk 0:01:11]} 33. R1d2
{[%clk 0:07:27]} Rd5 {[%clk 0:01:23]} 34. Qc3 {[%clk 0:03:09]} Qa6
{[%clk 0:01:16]} 35. Kg2 {[%clk 0:02:32]} Qb7 {[%clk 0:00:54]} 36. Kg1
{[%clk 0:02:49]} a6 {[%clk 0:01:01]} 37. Qc4 {[%clk 0:02:10]} Re8
{[%clk 0:01:14]} 38. Nf3 {[%clk 0:01:54]} Qc8 {[%clk 0:01:21]} 39. Rxd5
{[%clk 0:01:59]} Nxd5 {[%clk 0:01:34]} 40. Re2 {[%clk 0:02:17]} Rd8
{[%clk 0:01:47]} 41. Ne5 {[%clk 0:02:18]} h5 {[%clk 0:01:44]} 42. Qc2
{[%clk 0:02:15]} Qe6 {[%clk 0:01:23]} 43. Nf3 {[%clk 0:02:19]} Qf6
{[%clk 0:01:42]} 44. Ne5 {[%clk 0:02:11]} Kh7 {[%clk 0:01:35]} 45. Re4
{[%clk 0:02:27]} Re8 {[%clk 0:01:20]} 46. Nc4 Rd8 {[%clk 0:00:57]} 47. Kg2
{[%clk 0:02:13]} Qg7 {[%clk 0:00:43]} 48. Nd6 {[%clk 0:02:23]} Qf6
{[%clk 0:00:55]} 49. Qd3 {[%clk 0:02:22]} Rxd6 {[%clk 0:00:37]} 50. cxd6
{[%clk 0:02:47]} Qxd6 {[%clk 0:01:03]} 51. Qxa6 {[%clk 0:03:01]} Nf6
{[%clk 0:00:59]} 52. Rf4 {[%clk 0:02:46]} Qd5+ {[%clk 0:01:15]} 53. Rf3
{[%clk 0:02:53]} Ng4 {[%clk 0:01:00]} 54. Qd3 {[%clk 0:02:59]} Qe5
{[%clk 0:00:43]} 55. Rxf7+ {[%clk 0:03:16]} Kh6 {[%clk 0:01:10]} 56. Qd2+
{[%clk 0:03:26]} g5 {[%clk 0:01:36]} 57. Qd3 {[%clk 0:03:22]} Nf6
{[%clk 0:01:50]} 58. Qf3 {[%clk 0:03:26]} Kg6 {[%clk 0:01:58]} 59. Ra7
{[%clk 0:03:28]} h4 {[%clk 0:01:56]} 60. g4 {[%clk 0:03:13]} Qa1 {[%clk 0:01:53]}
61. Ra5 {[%clk 0:03:26]} Nd5 {[%clk 0:01:46]} 62. Qf5+ {[%clk 0:03:09]} Kh6
{[%clk 0:01:48]} 63. Qe6+ {[%clk 0:03:35]} Nf6 {[%clk 0:02:13]} 64. Qf5 Nd5
{[%clk 0:01:50]} 65. Qf8+ {[%clk 0:02:03]} Kg6 {[%clk 0:02:11]} 66. Qg8+
{[%clk 0:02:09]} Kh6 {[%clk 0:02:29]} 67. Qe6+ {[%clk 0:02:11]} Nf6
{[%clk 0:02:44]} 68. Rf5 {[%clk 0:02:02]} Kg6 {[%clk 0:02:54]} 69. Rf3
{[%clk 0:02:22]} Kg7 {[%clk 0:02:29]} 70. Qe7+ {[%clk 0:02:14]} Kg6
{[%clk 0:02:50]} 71. Qe6 {[%clk 0:02:32]} Kg7 {[%clk 0:03:12]} 72. Qf5
{[%clk 0:02:36]} h3+ {[%clk 0:02:47]} 73. Rxh3 {[%clk 0:02:48]} Qc1
{[%clk 0:02:57]} 74. Rf3 {[%clk 0:02:54]} 1-0

[Event "V4 Liptov 2017"]
[Site "?"]
[Date "2017.06.23"]
[Round "5.6"]
[White "Golda, Sebastian"]
[Black "Szotkowski, David"]
[Result "0-1"]
[BlackElo "1901"]
[WhiteElo "1997"]
[LiveChessVersion "1.4.8"]

1. e4 {[%clk 1:00:59]} c5 {[%clk 1:00:54]} 2. Nf3 {[%clk 1:01:25]} d6
{[%clk 1:01:19]} 3. d4 {[%clk 1:01:52]} cxd4 {[%clk 1:01:43]} 4. Nxd4
{[%clk 1:02:19]} Nf6 {[%clk 1:01:54]} 5. Nc3 {[%clk 1:02:45]} a6 {[%clk 1:01:44]}
6. h3 {[%clk 0:54:09]} e5 {[%clk 1:00:33]} 7. Nde2 {[%clk 0:54:35]} Be7
{[%clk 1:00:18]} 8. g4 {[%clk 0:55:00]} b5 {[%clk 0:55:18]} 9. Ng3
{[%clk 0:49:36]} b4 {[%clk 0:43:00]} 10. Nd5 {[%clk 0:49:58]} Nxd5
{[%clk 0:37:41]} 11. Qxd5 {[%clk 0:49:13]} Ra7 {[%clk 0:38:02]} 12. Be3
{[%clk 0:49:41]} Be6 {[%clk 0:36:46]} 13. Qd3 {[%clk 0:30:46]} Rb7
{[%clk 0:32:39]} 14. Nf5 {[%clk 0:29:53]} O-O {[%clk 0:25:34]} 15. Nxe7+
{[%clk 0:25:17]} Qxe7 {[%clk 0:25:38]} 16. Bg2 {[%clk 0:24:01]} Rc7
{[%clk 0:24:17]} 17. f4 {[%clk 0:16:27]} Rfc8 {[%clk 0:20:10]} 18. f5
{[%clk 0:16:52]} Rxc2 {[%clk 0:17:37]} 19. fxe6 {[%clk 0:17:13]} Rxg2
{[%clk 0:17:05]} 20. Bf2 {[%clk 0:17:22]} Qf6 {[%clk 0:14:17]} 21. exf7+
{[%clk 0:13:13]} Qxf7 {[%clk 0:14:31]} 22. Rf1 {[%clk 0:11:52]} Rf8
{[%clk 0:13:28]} 23. Qd5 {[%clk 0:07:55]} Qxd5 {[%clk 0:12:09]} 24. exd5
{[%clk 0:08:24]} Nd7 {[%clk 0:11:09]} 25. Rc1 {[%clk 0:08:06]} e4
{[%clk 0:11:10]} 26. Bd4 {[%clk 0:08:02]} Rxf1+ {[%clk 0:10:13]} 27. Kxf1
{[%clk 0:08:31]} Rd2 {[%clk 0:10:22]} 28. Rc4 {[%clk 0:06:49]} a5
{[%clk 0:10:01]} 29. Ke1 {[%clk 0:05:27]} Rd3 {[%clk 0:10:11]} 30. Ke2
{[%clk 0:04:45]} Nf6 {[%clk 0:09:55]} 31. Bb6 {[%clk 0:02:39]} Rxd5
{[%clk 0:06:32]} 32. h4 {[%clk 0:03:08]} Nxg4 {[%clk 0:04:32]} 33. Rxe4
{[%clk 0:03:35]} Ne5 {[%clk 0:04:39]} 34. Bc7 {[%clk 0:03:38]} Kf7
{[%clk 0:04:11]} 35. Bxd6 {[%clk 0:03:46]} Rxd6 {[%clk 0:04:35]} 36. Rxe5
{[%clk 0:04:13]} Re6 {[%clk 0:05:00]} 37. Rxe6 {[%clk 0:04:36]} Kxe6
{[%clk 0:05:27]} 38. Kf3 {[%clk 0:04:54]} Kf5 {[%clk 0:05:43]} 39. a3
{[%clk 0:05:06]} bxa3 {[%clk 0:06:04]} 40. bxa3 {[%clk 0:05:33]} g5
{[%clk 0:05:52]} 41. hxg5 {[%clk 0:05:58]} Kxg5 {[%clk 0:06:12]} 42. Kg3
{[%clk 0:06:27]} Kf5 {[%clk 0:06:35]} 43. Kf3 {[%clk 0:06:41]} Ke5
{[%clk 0:07:01]} 44. Ke3 {[%clk 0:06:38]} Kd5 {[%clk 0:07:25]} 45. Kd3
{[%clk 0:06:59]} Kc5 {[%clk 0:07:50]} 46. Kc3 {[%clk 0:07:27]} h5
{[%clk 0:08:12]} 47. Kb3 {[%clk 0:07:55]} h4 {[%clk 0:08:24]} 48. Ka4
{[%clk 0:08:22]} Kb6 {[%clk 0:08:41]} 0-1

[Event "V4 Liptov 2017"]
[Site "?"]
[Date "2017.06.23"]
[Round "5.7"]
[White "Demko, Robert"]
[Black "Dylag, Emilia"]
[Result "0-1"]
[BlackElo "1833"]
[WhiteElo "1730"]
[LiveChessVersion "1.4.8"]

1. d4 {[%clk 1:00:55]} Nf6 {[%clk 1:00:53]} 2. c4 {[%clk 1:01:20]} d6
{[%clk 1:01:18]} 3. Nc3 {[%clk 1:01:41]} Nbd7 {[%clk 1:01:43]} 4. e4
{[%clk 1:01:39]} e5 {[%clk 1:02:06]} 5. d5 {[%clk 1:01:30]} Nc5 {[%clk 1:02:30]}
6. f3 {[%clk 1:01:37]} a5 {[%clk 1:02:52]} 7. Be3 {[%clk 1:00:49]} g6
{[%clk 1:02:42]} 8. Qd2 {[%clk 0:59:08]} Bg7 {[%clk 1:02:11]} 9. Nge2
{[%clk 0:58:57]} O-O {[%clk 0:58:50]} 10. g4 {[%clk 0:55:19]} h5 {[%clk 0:49:58]}
11. gxh5 {[%clk 0:53:47]} Nxh5 {[%clk 0:50:21]} 12. Ng3 {[%clk 0:53:01]} Kh7
{[%clk 0:44:34]} 13. Nxh5 {[%clk 0:52:31]} gxh5 {[%clk 0:44:59]} 14. Bg5
{[%clk 0:50:08]} Bf6 {[%clk 0:43:41]} 15. Rg1 {[%clk 0:49:01]} Rg8
{[%clk 0:42:25]} 16. Bxf6 {[%clk 0:46:53]} Qxf6 {[%clk 0:42:48]} 17. Rxg8
{[%clk 0:47:10]} Kxg8 {[%clk 0:43:13]} 18. Qg2+ {[%clk 0:47:12]} Kh7
{[%clk 0:42:42]} 19. O-O-O {[%clk 0:44:10]} Bd7 {[%clk 0:41:56]} 20. Be2
{[%clk 0:43:26]} Rg8 {[%clk 0:41:13]} 21. Qf2 {[%clk 0:43:38]} Qg5+
{[%clk 0:38:14]} 22. Kb1 {[%clk 0:43:05]} f5 {[%clk 0:33:05]} 23. Rf1
{[%clk 0:35:02]} Qf4 {[%clk 0:30:41]} 24. Kc2 {[%clk 0:30:57]} h4
{[%clk 0:27:32]} 25. a3 {[%clk 0:22:15]} a4 {[%clk 0:27:16]} 26. Bd3
{[%clk 0:16:01]} h3 {[%clk 0:25:02]} 27. Ne2 {[%clk 0:12:06]} Qh6
{[%clk 0:23:32]} 28. Rg1 {[%clk 0:10:38]} Rxg1 {[%clk 0:21:57]} 29. Qxg1
{[%clk 0:10:41]} Nb3 {[%clk 0:20:40]} 30. Qe1 {[%clk 0:07:10]} Qg5
{[%clk 0:18:51]} 31. Kb1 {[%clk 0:05:03]} Nd2+ {[%clk 0:16:56]} 32. Ka2
{[%clk 0:05:12]} Nxf3 {[%clk 0:16:44]} 33. Qa5 {[%clk 0:04:06]} b6
{[%clk 0:07:22]} 34. Qa7 {[%clk 0:03:41]} Qd8 {[%clk 0:07:28]} 35. exf5
{[%clk 0:03:53]} Kh6 {[%clk 0:07:18]} 36. Qb7 {[%clk 0:01:47]} Kg5
{[%clk 0:04:28]} 37. b4 {[%clk 0:00:51]} axb3+ {[%clk 0:04:42]} 38. Kxb3
{[%clk 0:01:13]} Bxf5 {[%clk 0:04:33]} 39. Bxf5 {[%clk 0:01:12]} Kxf5
{[%clk 0:04:59]} 40. Ng3+ {[%clk 0:00:56]} Kg4 {[%clk 0:04:46]} 41. c5
{[%clk 0:00:46]} dxc5 {[%clk 0:04:13]} 42. Qc6 {[%clk 0:00:51]} Nd4+
{[%clk 0:04:39]} 0-1

[Event "V4 Liptov 2017"]
[Site "?"]
[Date "2017.06.23"]
[Round "5.8"]
[White "Surpeta, Julia"]
[Black "Gresova, Zuzana"]
[Result "0-1"]
[BlackElo "1859"]
[WhiteElo "1302"]
[LiveChessVersion "1.4.8"]

1. d4 {[%clk 1:00:58]} d5 {[%clk 1:00:53]} 2. Nc3 {[%clk 1:01:20]} Nf6
{[%clk 0:58:10]} 3. Bg5 {[%clk 1:01:29]} Nbd7 {[%clk 0:54:42]} 4. Qd3
{[%clk 0:55:43]} h6 {[%clk 0:48:46]} 5. Bh4 {[%clk 0:55:15]} e6 {[%clk 0:46:29]}
6. e4 {[%clk 0:49:10]} dxe4 {[%clk 0:44:29]} 7. Nxe4 {[%clk 0:49:30]} Be7
{[%clk 0:43:51]} 8. Bg3 {[%clk 0:48:14]} Nxe4 {[%clk 0:37:03]} 9. Qxe4
{[%clk 0:48:38]} c5 {[%clk 0:36:38]} 10. Nf3 {[%clk 0:47:14]} Qa5+
{[%clk 0:35:04]} 11. c3 {[%clk 0:47:00]} O-O {[%clk 0:30:53]} 12. Bd3
{[%clk 0:45:03]} Nf6 {[%clk 0:31:05]} 13. Qe2 {[%clk 0:44:06]} Bd7
{[%clk 0:28:22]} 14. O-O {[%clk 0:43:53]} Bc6 {[%clk 0:26:36]} 15. Ne5
{[%clk 0:44:00]} cxd4 {[%clk 0:23:18]} 16. c4 {[%clk 0:40:42]} Rad8
{[%clk 0:20:02]} 17. a3 {[%clk 0:39:19]} Bd6 {[%clk 0:13:52]} 18. b4
{[%clk 0:37:29]} Qc7 {[%clk 0:13:36]} 19. c5 {[%clk 0:33:31]} Bxe5
{[%clk 0:12:46]} 20. Bxe5 {[%clk 0:33:56]} Qe7 {[%clk 0:12:23]} 21. Bd6
{[%clk 0:30:49]} Rxd6 {[%clk 0:12:05]} 22. cxd6 {[%clk 0:31:09]} Qxd6
{[%clk 0:12:26]} 23. f4 {[%clk 0:29:59]} Re8 {[%clk 0:10:01]} 24. b5
{[%clk 0:30:18]} Bd7 {[%clk 0:08:34]} 25. Qf3 {[%clk 0:26:23]} b6
{[%clk 0:06:22]} 26. Rae1 {[%clk 0:24:44]} e5 {[%clk 0:04:18]} 27. fxe5
{[%clk 0:24:51]} Rxe5 {[%clk 0:03:58]} 28. Qa8+ {[%clk 0:21:54]} Be8
{[%clk 0:03:37]} 29. Re2 {[%clk 0:15:57]} Rxe2 {[%clk 0:01:44]} 30. Bxe2
{[%clk 0:16:21]} Qe7 {[%clk 0:01:52]} 31. Bf3 {[%clk 0:15:21]} d3
{[%clk 0:01:16]} 32. a4 {[%clk 0:13:43]} d2 {[%clk 0:01:12]} 33. Qb7
{[%clk 0:12:43]} Qe3+ {[%clk 0:00:54]} 34. Kh1 {[%clk 0:12:44]} Qe1
{[%clk 0:00:55]} 35. Rg1 {[%clk 0:12:23]} Kh7 {[%clk 0:00:55]} 36. Qc7
{[%clk 0:10:19]} Ne4 {[%clk 0:00:50]} 37. Qc2 {[%clk 0:08:46]} f5
{[%clk 0:01:02]} 38. Bxe4 {[%clk 0:08:57]} fxe4 {[%clk 0:01:07]} 39. g3
{[%clk 0:05:44]} Bh5 {[%clk 0:01:17]} 40. g4 {[%clk 0:05:50]} Bxg4
{[%clk 0:01:17]} 41. h3 {[%clk 0:05:01]} Bf3+ {[%clk 0:01:36]} 42. Kh2
{[%clk 0:05:15]} Qf2+ {[%clk 0:01:57]} 43. Rg2 {[%clk 0:05:38]} Qxg2#
{[%clk 0:02:20]} 0-1